000 00976nam a2200277Ia 4500
003 OSt
005 20221005110957.0
006 a|||||r|||| 00| 0
007 ta
008 221004b |||||||| |||| 00| 0 hin d
020 _a9788183616331 (hbk)
_cIndian Rupees 195
024 _a33850
037 _bGift, 05/10/2017,
_cTextual
040 _aCRL
_cCRL
_bhin
041 _2hin
_ahin
082 _aO152,2N31,UN, Q3
100 _aभंडारी, मन्नू, ले.
245 0 _aउजली नगरी चतुर राजा
246 _aUjalī nagarī chatur rājā
260 _aनई दिल्ली
_bराधाकृष्ण भारत
_c2013
300 _a99पृ0
_ccm.
650 _a हिन्दी नाटक
650 _aहिन्दी साहित्य
942 _hO152,2N31,UN, Q3
_cTEXL
_2cc
999 _c1020444
_d1020444